| 000 | 00983nam a2200241Ia 4500 | ||
|---|---|---|---|
| 003 | IN-BaIIA | ||
| 008 | 211028s9999 xx 000 0 eng d | ||
| 020 | _a90-277-1740-0 | ||
| 040 | _cIIA Library | ||
| 080 |
_a082.2:52 _bIAU-S110 |
||
| 111 |
_aInternational Astronomical Union Symposium _cItaly _d1983 June 27 - July 1 _913474 |
||
| 245 | 0 |
_aVLBI and compact radio sources _bproceedings of the International Astronomical Union symposium No.110, held in Bologna, Italy June 27 - July 1, 1983 _cedited by R. Fanti, K. Kellermann and G. Setti |
|
| 260 |
_aDordrecht _bD. Reidel Publishing _c1984 |
||
| 300 | _axx, 489p. | ||
| 490 | _aIAU symposium; no. 110 | ||
| 650 | _aAstronomy and Astrophysics thesaurus | ||
| 650 |
_aExtragalactic astronomy _91585 |
||
| 650 |
_aRadio sources _93666 |
||
| 700 |
_aFanti, R., ed. _913475 |
||
| 700 |
_aKellermann, K., ed. _913476 |
||
| 710 | _aInternational Astronomical Union | ||
| 942 | _cBK | ||
| 999 |
_c7987 _d7987 |
||